Top 10 most popular sports worldwide - Statistics

General Stats
  • This quiz has been taken 165 times
  • The average score is 7 of 10
Answer Stats
Number of Fans Answer % Correct
1. 3.500.000.000 Football
100%
9. 420.000.000 Basketball
94%
7. 500.000.000 Baseball
88%
4. 1.000.000.000 Tennis
83%
2. 2.500.000.000 Cricket
80%
3. 2.000.000.000 Hockey
69%
10. 400.000.000 American Football
65%
5. 900.000.000 Volleyball
61%
8. 450.000.000 Golf
60%
6. 850.000.000 Ping Pong
22%
No matching quizzes found
Score Distribution
Percent of People with Each Score
Percentile by Number Answered
Your Score History
You have not taken this quiz